000 00703nam a22002177a 4500
010 _aA-997067
020 _c650.00
035 _aA-997067
037 _bCen Lib / Ret
040 _aDPL
_bEN
082 _a346.54048
_bVAS
100 _aVashishth, Vikas
245 _aBharat's law & practice of intellectual property in India /
_cby Vikas Vashishth [and] V. K. Agarwal
260 _aNew Dlehi
_bBharat Law House
_c1999
270 _a222, Tarun Enclave, Pitampura
_bNew Delhi
_e110034
300 _a767p
_b24cm(Hb)
650 _aIntellectual property.
650 _aIntellectual property (International law)
700 _aAgarwal, V. K.
942 _2ddc
_cEN
_h346.54048
_mVAS
999 _c136867
_d136867